| 000 | 01358cam a22003134a 4500 | ||
|---|---|---|---|
| 001 | 12553363 | ||
| 003 | AUA.1 | ||
| 005 | 20130206140251.0 | ||
| 008 | 011002s2002 pau b 001 0 eng | ||
| 010 | _a 2001052458 | ||
| 020 | _a1563383284 (alk. paper) | ||
| 040 |
_aDLC _cDLC _dDLC |
||
| 042 | _apcc | ||
| 050 | 0 | 0 |
_aBS 1455 _b.M67 2002 |
| 082 | 0 | 0 |
_a223/.06 _221 |
| 100 | 1 |
_aMorgan, Donn F. _931374 |
|
| 245 | 1 | 4 |
_aThe making of sages : _bbiblical wisdom and contemporary culture / _cDonn F. Morgan. |
| 260 |
_aHarrisburg, Pa. : _bTrinity Press International, _cc2002. |
||
| 300 |
_axxv, 182 p. ; _c22 cm. |
||
| 504 | _aIncludes bibliographical references (p. 171-173) and index. | ||
| 650 | 0 |
_aWisdom literature _xCriticism, interpretation, etc. _931375 |
|
| 650 | 0 |
_aWisdom _xBiblical teaching. _931376 |
|
| 650 | 0 |
_aChurch and education. _931377 |
|
| 650 | 0 |
_aWisdom _xReligious aspects _xChristianity. _931378 |
|
| 906 |
_a7 _bcbc _corignew _d1 _eocip _f20 _gy-gencatlg |
||
| 942 |
_2lcc _cBOOK _hBS 1455 _i.M67 2002 |
||
| 999 |
_c9089 _d9089 |
||